|
|
|
|
| LEADER |
01418nam a2200397 a 4500 |
| 001 |
000003021 |
| 005 |
20160426095654.0 |
| 008 |
940811s1878 xo e hun |
| FMT |
|
|
|
| 040 |
|
|
|a SVKKK
|b slo
|c SVKKK
|e AACR2
|
| 041 |
0 |
|
|a hun
|
| 044 |
|
|
|a xo
|c SK
|
| 080 |
|
|
|a 373.68
|
| 080 |
|
|
|a (058)
|
| 080 |
|
|
|a "1877/78"
|
| 130 |
2 |
|
|a A Kassai Magy. Kir. Gazdasági Tanintézet
|
| 245 |
0 |
2 |
|a A Kassai Magy. Kir. Gazdasági Tanintézet Értesitóje Az 1877/8-ik tanévről :
|b Kiadja: az igazgatóság. Szerkesztette: Bukuresti János, s. tanár
|
| 260 |
|
|
|a Kassa :
|b Nyomatott Kosch És Scharf Kő- És Kőnyvnyomdájában,
|c 1878
|
| 300 |
|
|
|a 58 s. 1/8-3/8,4/5 [=29] list.
|c 8°. 25x16 cm
|
| 500 |
|
|
|a Linky ornam., typograf. ozdoba, tlač. pozn. pod čiarou v jaz. maď.
|
| 510 |
4 |
|
|a Gešková-Vančová I/170; OSZK.
|
| 561 |
|
|
|a Peč.: Štátna vedecká knižnica v Košiciach.
|
| 563 |
|
|
|a Previazaná, lepenka, zelená syntetická textília
|
| 653 |
1 |
|
|a odborné školy
|
| 653 |
1 |
|
|a Vyššia poľnohospodárska škola
|
| 653 |
1 |
|
|a Košice
|
| 653 |
1 |
|
|a školské správy 1877/78
|
| 700 |
1 |
|
|a Bukuresti, Ján
|d 1849-1902
|4 com
|
| 710 |
0 |
|
|a Scharf, Ján Filip a Kósch, Artúr,
|c Košice,
|d 1875-1880
|4 prt
|
| 752 |
|
|
|a Slovensko
|d Košice
|
| 852 |
|
|
|p IV.35313
|
| 904 |
|
|
|a a---y----fa------yyda-0000--
|
| 905 |
|
|
|a ef-b0bb-
|5 -------
|
| 910 |
|
|
|a svkkk
|
| 998 |
|
|
|a KASSA
|
| BAS |
|
|
|